Estadísticas para Regiones de Francia

Haz click aquí para tomar la prueba!

Estadísticas generales

  • Esta prueba ha sido tomada 979 veces
  • La puntuación promedio es 9 de 18

Estadísticas de respuestas

Región % Correcto
Bretaña
88%
Normandía
77%
Córcega
75%
Isla de Francia
68%
Provenza-Alpes-Costa Azul
67%
Nueva Aquitania
62%
Occitania
50%
Borgoña-Franco Condado
49%
Países de la Loira
45%
Guayana Francesa
43%
Martinica
42%
Centro-Valle de Loira
40%
Guadalupe
40%
Reunión
36%
Gran Este
33%
Auvernia-Ródano-Alpes
32%
Altos de Francia
26%
Mayotte
26%

Distribución de puntuación

Porcentaje por número respondido

Porcentaje de gente con cada puntuación

Historial de tus puntuaciones

No has tomado esta prueba